000 00428nam a2200181Ia 4500
005 20240823052127.0
008 240823s9999||||xx |||||||||||||| ||und||
041 _aENGLISH
082 _A420 N4
100 _aSingaravelu S
245 0 _aFast Learning Series English Learning
250 _a1st
260 _c1994
_b"Panna Palace,Madras"
500 _aTRANSFERED
650 _aENG
_bEnglish
942 _cBK
999 _c221144
_d221144